| 000 | 00687aas a2200205 4500 | ||
|---|---|---|---|
| 999 |
_c49872 _d49872 |
||
| 001 | 768714001 | ||
| 003 | CO-MdFUSB | ||
| 005 | 20171019114759.0 | ||
| 008 | 171019s1999 xxu||||| |||| 00| 0 eng d | ||
| 022 | _a0277-9935 | ||
| 040 |
_aCO-MdFUSB _bspa _cCO-MdFUSB _dCO-MdFUSB |
||
| 041 | _aeng | ||
| 100 | 1 |
_aMartin, Bruce _eautor |
|
| 242 | _aLas voces de los pastores sobre la pastoral | ||
| 245 | 1 | 0 |
_aPastors' voices on pastoral education _c/ Bruce Martin |
| 300 |
_a Volumen 3. Número 1(1999), páginas 91-108 _c: 23 cm. |
||
| 546 | _aTexto en inglés | ||
| 773 | 0 |
_tChristian education journal _049475 _960885 _g Volumen 3. Número 1(1999), páginas 91-108 _qPágina 91 |
|
| 942 | _cANA | ||